Fundamentals of molecular virology (Record no. 1998)
[ view plain ]
| 000 -LEADER | |
|---|---|
| fixed length control field | 00542nam a22002057a 4500 |
| 003 - CONTROL NUMBER IDENTIFIER | |
| control field | OSt |
| 005 - DATE AND TIME OF LATEST TRANSACTION | |
| control field | 20150610124811.0 |
| 008 - FIXED-LENGTH DATA ELEMENTS--GENERAL INFORMATION | |
| fixed length control field | 150610b xxu||||| |||| 00| 0 eng d |
| 020 ## - INTERNATIONAL STANDARD BOOK NUMBER | |
| International Standard Book Number | 9780470900598 |
| 040 ## - CATALOGING SOURCE | |
| Transcribing agency | DNLM |
| 082 ## - DEWEY DECIMAL CLASSIFICATION NUMBER | |
| Classification number | QW160 A24f 2011 |
| 100 ## - MAIN ENTRY--PERSONAL NAME | |
| Personal name | Acheson, Nicholas H. |
| 9 (RLIN) | 5216 |
| 245 ## - TITLE STATEMENT | |
| Title | Fundamentals of molecular virology |
| 250 ## - EDITION STATEMENT | |
| Edition statement | 2nd ed. |
| 260 ## - PUBLICATION, DISTRIBUTION, ETC. (IMPRINT) | |
| Place of publication, distribution, etc. | U.S; |
| Name of publisher, distributor, etc. | John Wiley, |
| Date of publication, distribution, etc. | 2011 |
| 300 ## - PHYSICAL DESCRIPTION | |
| Extent | xxv,500p; |
| Other physical details | col.ill: |
| Dimensions | 28cm |
| 504 ## - BIBLIOGRAPHY, ETC. NOTE | |
| Bibliography, etc | Glossary, credit, & index included |
| 650 ## - SUBJECT ADDED ENTRY--TOPICAL TERM | |
| Topical term or geographic name as entry element | Virology |
| 9 (RLIN) | 893 |
| 942 ## - ADDED ENTRY ELEMENTS (KOHA) | |
| Source of classification or shelving scheme | Other/Generic Classification Scheme |
| Koha item type | Open Shelf |
| Withdrawn status | Lost status | Source of classification or shelving scheme | Damaged status | Not for loan | Home library | Current library | Date acquired | Source of acquisition | Inventory number | Total Checkouts | Full call number | Barcode | Date last seen | Koha item type | Date last checked out |
|---|---|---|---|---|---|---|---|---|---|---|---|---|---|---|---|
| Other/Generic Classification Scheme | MUST Main Library | MUST Main Library | 10/06/2015 | 15/39026 | QW160 A24f 2011 | 2015-1798 | 10/06/2015 | Open Shelf | |||||||
| Other/Generic Classification Scheme | MUST Main Library | MUST Main Library | 10/06/2015 | 15/39027 | 1 | QW160 A24f 2011 | 2015-1799 | 19/09/2022 | Open Shelf | 06/09/2022 |
